01578 2200325 4500001002100000005001500021035002000036100003300056245011600089250002500205264004700230300003800277336002100315337003000336338002300366504003400389520061000423850001201033006001801045007000301063008004101066020002201107040002201129082001001151084001601161600003601177990001301213990001301226990001301239INLIS00000000000813220241212023703 a0010-0322000151 aVintia Anggraeni,ePengarang1 a30 aneka permainan tradisional :balat, bahan, dan cara bermain /cVintia Anggraeni ; penyunting, Teguh Sutanto aCetakan kedua : 2021 aSLEMAN :bCV. Hijaz Pustaka Mandiri,c2021 a126 halaman :bilustrasi ;c21 cm 2rdacontentateks 2rdamediaatanpa perantara 2rdacarrieravolume aBibliografi : halaman 113-115 aPermainan tradisional adalah permainan yang tumbuh dan berkembang di wilayah tertentu. Permainan ini diwariskan secara turun-temurun. Akan tetapi, jika anak-anak zaman sekarang tidak lagi mengenal permainan ini, maka permainan ini akan punah karena tidak ada penerusnya. Oleh karenanya, buku ini berupaya untuk melestarikan permainan tradisional agar tidak punah dengan cara menghimpun aneka permainan tradisional yang dapat dimainkan oleh anak-anak. Selain menyuguhkan beragam permainan tradisional, penulis juga menjelaskan alat-alat, cara pembuatan, serta cara memainkan permainan tradisional tersebut. aJKPNPNAaa g 000 0ta241212 g 0 ind  a978-602-5790-57-7 aJKPNPNAbinderda a796.1 a796.1 VIN t 4aAneka Ragam Olah Raga Permainan a022.6777 a022.6776 a022.6775